000 00971nam a22003251i 4500
999 _c1756
_d1756
001 020344606
003 UkOxU
005 20230126144157.0
008 150120r20152013enk j 000|f|eng|d
015 _aGBB529402
_2bnb
016 7 _a017094959
_2Uk
020 _a9781407159164 (pbk.) :
035 _a(Uk)017094959
040 _aStDuBDS
_beng
_erda
_cStDuBDS
_dUk
_dKH8
042 _aukblsr
082 0 4 _a823.8 FAL
_223
100 1 _aFalkner, John Meade,
_d1858-1932,
_eauthor.
245 1 0 _aMoonfleet /
_cJ. Meade Falkner.
264 1 _aLondon :
_bScholastic,
_c2015.
300 _a1 volume ;
_c20 cm.
336 _atext
_2rdacontent
337 _aunmediated
_2rdamedia
338 _avolume
_2rdacarrier
490 0 _aScholastic classics
500 _aOriginally published: Oxford: Oxford University Press, 2013.
500 _aFormerly CIP.
_5Uk
650 0 _aSmuggling
_zEngland
_zDorset
_vJuvenile fiction.
655 0 _aChildren's stories.
942 _2ddc
_cNFIC